000
00212nam a22000857a 4500
008
170131b xxu||||| |||| 00| 0 eng d
100
_9
2714
_a
Mukherjee.N
245
_a
Go for Social Science-6
260
_a
New Delhi
_c
2013
999
_c
5878
_d
5878